000 00538nam a2200205Ia 4500
005 20260429111904.0
008 260429s9999||||xx |||||||||||||| ||und||
020 _a9789357515856
041 _aEnglish
082 _a338.4791
_bWAL
100 _aWalsh, Mark
245 0 _aVillage tourism /
_cMark Walsh
260 _aNew Delhi :
_bRandom Publications,
_c2025.
300 _ax, 266 p.; hb
650 _a Community tourism
650 _a Sustainable tourism
650 _a Village tourism
650 _aRural tourism
942 _cTB
999 _c51290
_d51290